000 00650nam a2200229 i 4500
001 C2-0114657
003 PPAK
005 20180727104820.0
008 970710s1977 my |||| ||||| | eng d
040 _aPPAK
_beng
_cPPAK
_erda
082 0 4 _a331.28331809595
_223
090 0 0 _a331.28331809595
_bJEG
_dKK
100 1 _aJegatheesan, S,
_eauthor
245 1 4 _aThe Green Revolution and the Muda Irrigation Scheme
264 1 _aAlor Setar, Kedah :
_bMADA ,
_c1977
300 _a72 pages ;
_c27 cm
336 _2rdacontent
_atext
337 _2rdamedia
_aunmediated
338 _2rdacarrier
_avolume
650 1 0 _aWages - Agriculture
942 _ddc
_cB
999 _c29396
_d29396